000 00313nam a2200133Ia 4500
005 20251222155050.0
008 251222s9999||||xx |||||||||||||| ||spa||
082 _aMEQ.169
100 _aVIDAL NEIRA, Luis.
245 0 _aConstantes clĂ­nicas en Medicina
250 _a1ra. ed.
264 _bAbeefe
942 _cLIB
999 _c37263
_d37263